AD Reader : The Digital Turn in Architecture 1992-2012 /

Na minha lista:
Detalhes bibliográficos
Outros Autores: Carpo, Mario (Editor)
Formato: Livro
Idioma:inglês
Publicado em: Hoboken : Wiley, 2013
Edição:1. vydanie
Assuntos:
Tags: Adicionar Tag
Sem tags, seja o primeiro a adicionar uma tag!

MARC

LEADER 00000nam a22000003a 4500
001 0086148
003 SK-STU
005 20210111181454.3
007 ta
008 210111s ----xo-----e------000-0-----d
020 |a 9781119951759 
040 |a STU  |b slo 
041 0 |a eng 
044 |a xxu 
100 1 |a Carpo, Mario  |4 edt 
245 1 0 |a AD Reader : The Digital Turn in Architecture 1992-2012 /  |c ed. Mario Carpo 
250 |a 1. vydanie 
260 |a Hoboken :  |b Wiley,  |c 2013 
300 |a 266 s. 
650 0 7 |a digitálna architektúra 
650 0 7 |a dejiny architektúry 
650 0 7 |a cyberspace 
650 0 7 |a emergentný 
650 0 7 |a BIM 
650 0 7 |a parametrická architektúra 
650 0 7 |a trendy v architektúre 
996 |b 284AU08537  |c A* 11801/U  |l AAKNST  |s P  |a 0  |w 0086148_0001